Pixar Animated Characters - Statistics

General Stats
  • This quiz has been taken 119 times
  • The average score is 22 of 32
Answer Stats
Hint Answer % Correct
Lightning McQueen Cars
90%
Bruce the Shark Finding Nemo
84%
Dory Finding Nemo
84%
Mike Wazowski Monsters, Inc.
84%
Woody Toy Story
84%
Buzz Lightyear Toy Story
84%
Sadness Inside Out
81%
Joy Inside Out
81%
Elastigirl The Incredibles
81%
Sulley Monsters, Inc.
79%
Mater Cars
78%
Remy Ratatouille
77%
Luca Paguro Luca
75%
Jessie Toy Story
75%
Eve Wall-E
73%
Merida Brave
71%
Marlin Finding Nemo
71%
Bing Bong Inside Out
68%
Violet Parr The Incredibles
68%
Edna Mode The Incredibles
68%
Dug the Dog Up
68%
Lots-o’-Huggin’ Bear Toy Story
67%
Carl Fredricksen Up
64%
Ernesto de la Cruz Coco
63%
Meilin Lee Turning Red
60%
Ian Lightfoot Onward
56%
Heimlich A Bug's Life
47%
Crush Finding Nemo
47%
Barly Lightfoot Onward
47%
Joe Gardner Soul
47%
Arlo The Good Dinosaur
47%
Anton Ego Ratatouille
44%
No matching quizzes found
Score Distribution
Percent of People with Each Score
Percentile by Number Answered
Your Score History
You have not taken this quiz